000
00346nam a22001577a 4500
003
MPLRDC
005
20220104165219.0
008
210129b ||||| |||| 00| 0 eng d
082
_a
428 HOLT
100
_a
JOHN HOLT
245
_a
HOW CHILDREN LEARN
_c
260
_a
_b
PENGUIN BOOKS
_c
300
_b
平
650
_a
942
_c
BK
_o
428 HOLT
999
_c
57358
_d
57348